000
00307nam a2200121Ia 4500
008
250224s9999 xx 000 0 und d
020
_a
9781853158001
082
_a
616.0757MCW
100
_a
MCWilliams Sarah
245
0
_a
Practical Radiological Anatomy
942
_c
BK
999
_c
476985
_d
476985